Effect of mulching and nitrogenous fertilizer on the growth and yield of Tomato / (Record no. 8990)

MARC details
000 -LEADER
fixed length control field 01217nam a22002777a 4500
001 - CONTROL NUMBER
control field BD-DhSAU 8990
003 - CONTROL NUMBER IDENTIFIER
control field BD-DhSAU
005 - DATE AND TIME OF LATEST TRANSACTION
control field 20181224113901.0
008 - FIXED-LENGTH DATA ELEMENTS--GENERAL INFORMATION
fixed length control field 150613b2008 bg a|||| m||| 00| 0 eng d
040 ## - CATALOGING SOURCE
Original cataloging agency BD-DhSAU
082 ## - DEWEY DECIMAL CLASSIFICATION NUMBER
Edition number 22
Classification number 635
Item number H27
100 ## - MAIN ENTRY--PERSONAL NAME
Personal name Hasan, Mohammad Mahade
Relator term Registration # 00946
245 ## - TITLE STATEMENT
Title Effect of mulching and nitrogenous fertilizer on the growth and yield of Tomato /
Remainder of title MS thesis
Statement of responsibility, etc. Mohammad Mahade Hasan,
260 ## - PUBLICATION, DISTRIBUTION, ETC. (IMPRINT)
Place of publication, distribution, etc. Sher-e-Bangla Agricultural Uniersity :
Name of publisher, distributor, etc. Department of Horticulture and Postharvest Technology,
Date of publication, distribution, etc. 2008.
300 ## - PHYSICAL DESCRIPTION
Extent xiii, 74 p. :
Other physical details ill. ;
Dimensions 29 cm.
500 ## - GENERAL NOTE
General note MS thesis of Department of Horticulture and Postharvest Technology , Faculty of Agriculture, Sher-e-Bangla Agricultural University, Dhaka, Bangladesh
504 ## - BIBLIOGRAPHY, ETC. NOTE
Bibliography, etc Includes bibliographical reference.
590 ## - Name of Cataloguer
Name of Cataloger erfat
650 ## - SUBJECT ADDED ENTRY--TOPICAL TERM
Topical term or geographic name as entry element Horticulture and postharvest economy
650 ## - SUBJECT ADDED ENTRY--TOPICAL TERM
Topical term or geographic name as entry element Effect of mulching and nitrogen fertilizers
650 ## - SUBJECT ADDED ENTRY--TOPICAL TERM
Topical term or geographic name as entry element Growth and yield of Tomato
700 ## - ADDED ENTRY--PERSONAL NAME
Personal name Mahtabuddin, A K M
Relator term Superviser
700 ## - ADDED ENTRY--PERSONAL NAME
Personal name Miah, M A Mannan
Relator term Co-superviser
856 ## - ELECTRONIC LOCATION AND ACCESS
Link text Online Access
Uniform Resource Identifier <a href="http://archive.saulibrary.edu.bd:8080/xmlui/handle/123456789/988">http://archive.saulibrary.edu.bd:8080/xmlui/handle/123456789/988</a>
942 ## - ADDED ENTRY ELEMENTS (KOHA)
Source of classification or shelving scheme Dewey Decimal Classification
Koha item type MS Level Thesis
Holdings
Withdrawn status Lost status Source of classification or shelving scheme Damaged status Not for loan Collection code Home library Branch Name Shelving location Date acquired Total Checkouts Full call number Barcode Date last seen Price effective from Koha item type
    Dewey Decimal Classification   Not For Loan Reference SAU Library SAU Library Reference 18/06/2015   635 H27 37227 18/06/2015 18/06/2015 MS Level Thesis